| 000 | 00675nam a22002297a 4500 | ||
|---|---|---|---|
| 005 | 20170124110244.0 | ||
| 010 | _a755419 | ||
| 020 | _c00.00 | ||
| 035 | _a755419 | ||
| 037 | _bCen Lib/Ret | ||
| 040 |
_aDPL _bEN |
||
| 082 |
_a369.4 _bGIR |
||
| 245 |
_aGirl scout handbook : intermediate program / _c |
||
| 246 | _b | ||
| 260 |
_aNew York _bGirl Scout of The U.S.A. _c1957 |
||
| 270 |
_bNew York _a155 East 44th street _e17, N.Y. |
||
| 300 |
_axv, 508p. : _c19cm(Hb) _bill. |
||
| 500 | _aIncludes index | ||
| 650 |
_aGirl scout -- U.S.A. _996745 |
||
| 650 |
_aGirl scouting -- Intermediate programmes _996746 |
||
| 942 |
_2ddc _cEN _h369.4 _mGIR |
||
| 999 |
_c135403 _d135403 |
||